000
00289nam a2200121Ia 4500
005
20251222144855.0
008
251222s9999||||xx |||||||||||||| ||spa||
082
_a
513.23/R93
100
_a
Ruiz Arango, Isidoro
245
0
_a
Teoría de los Números
264
_b
San Marcos
942
_c
LIB
999
_c
21738
_d
21738